000 00266nam a22001217a 4500
082 _a823
_bAGG/F
100 _aAGGARWAL N K
245 _aFOLK TALES OF INDIA
260 _aCALCUTTA
_bBLACKIE & SON
_c1997
300 _a91
650 _aENGLISH STORY
_zINDIA
942 _cBK
999 _c7317
_d7317